000 00635nam a2200253Ia 4500
003 OSt
005 20221007105453.0
006 a|||||r|||| 00| 0
007 ta
008 221006b |||||||| |||| 00| 0 eng d
024 _a18,670
037 _cTextual
040 _aLCO
_cLCO
_beng
041 _2eng
_aeng
082 _aZ2,264, K6
100 _aAiyer S.K
245 0 _aLaw and Practice of Arms and Explosives
250 _a6th
260 _aAllahabad
_bLaw Book Company India
_c1966
300 _a617
650 _aARMS
_9702697
942 _hZ2,264, K6
_cTEXL
999 _c1188233
_d1188233